Piłka nożna quiz #165 - Najmłodsi strzelcy reprezentacji Włoch - Statystyki

Ogólne statystyki
  • Ten quiz został rozwiązany 90 razy
  • Średni wynik to 2 z 5
Statystyki odpowiedzi
Zawodnik Pozycja Data zdobycia bramki Wiek zawodnika % Poprawnych
Marco Verratti Środkowy pomocnik 06.02.2013 20 lat 03 miesięcy 01 dzień
64%
Moise Kean Środkowy napastnik 23.03.2019 19 lat 23 dni
49%
Nicolò Zaniolo Ofensywny pomocnik 18.11.2019 20 lat 04 miesięcy 16 dni
27%
Stephan El Shaarawy Lewy skrzydłowy 14.11.2012 20 lat 18 dni
26%
Wilfried Gnonto Prawy skrzydłowy 14.06.2022 18 lat 07 miesięcy 09 dni
15%
Nie znaleziono quizów pasujących do podanych kryteriów
Rozkład punktacji
Procent ludzi z każdym wynikiem
Percentyl według liczby udzielonych odpowiedzi
Twoja historia wyników
Nie rozwiązałeś tego quizu